=LDR 00000nam 2200000 4500 =001 INLIS000000000050425 =005 20170504105359 =035 ##$$a 0010-0517000078 =007 ta =008 170504###########################0###### =020 ##$$a 798-979-002-385-5 =082 ##$$a 636.5 =084 ##$$a 636.5 Dja p =100 #$$a Djaja, Frans A. =245 1#$$a Panduan Lengkap Burung Peliharaan /$c Djaja, Frans A. =250 ##$$a Cet.3 =260 ##$$a Jakarta :$b Penebar Swadaya,$c 2013 =300 ##$$a iv, 200 hlm : $b ilus ; $c 20 cm =650 ##$$a Burung =990 ##$$a 85488548 =990 ##$$a 01201808548